000 02391cam a2200349 i 4500
001 768714001
003 CO-MdFUSB
005 20220311151455.0
007 ta
008 970623t1997 miu b 001 0 eng d
020 _a0802838464
040 _aGEU-T
_beng
_cCO-MdFUSB
_dOrLoB-B
_erda
041 _aeng
082 _223
_a230.041
_bW338
100 1 _aWatson, Francis,
_d1956-
_eautor
245 1 0 _aText and truth :
_bredefining biblical theology /
_cFrancis Watson.
264 1 _aGrand Rapids, Mich. :
_bW.B. Eerdmans Pub.,
_c[1997]
264 4 _c© 1997
300 _a344 páginas ;
_c24 cm.
336 _atexto
_btxt
_2rdacontent.
337 _asin mediación
_bn
_2rdamedia.
338 _avolumen
_bnc
_2rdacarrier.
504 _aIncluye referencias bibliográficas e índices.
505 _aLos evangelios como historia narrada -- Texto múltiple y el evangelio singular -- Sentido literal, intención autoral, interpretación objetiva: en defensa de algunos conceptos pasados ​​de moda -- Borrando el texto : lecturas en el neomarcionismo -- La teología del Antiguo Testamento como empresa teológica cristiana -- La creación en el principio -- A la imagen de Dios -- La Escritura en diálogo : un estudio sobre la interpretación cristiana primitiva del Antiguo Testamento.
520 1 _a"Las disciplinas de los estudios bíblicos y la teología sistemática se han practicado en los tiempos modernos en relativo aislamiento entre sí. Francis Watson argumenta que el desarrollo separado de los estudios del Antiguo y Nuevo Testamento y la teología sistemática empobrece a las tres disciplinas y distorsiona el objeto de su estudio. " "En el pasado, una 'teología bíblica' que tomaba en serio las responsabilidades teológicas del intérprete bíblico fue criticada por algunos eruditos como perjudicial para la práctica de las disciplinas exegética y teológica. Aquí Francis Watson aboga por una mayor participación teológica con la exégesis y hermenéutica en lugar de menos: la teología bíblica, sostiene, debe practicarse en un enfoque interdisciplinario que pueda basarse libremente en los recursos y perspectivas de las dos disciplinas exegéticas y de la teología sistemática"
563 _aPasta dura
650 7 _9418
_aHermenéutica
650 7 _9320
_aTeología bíblica
942 _cBK
945 _aJTF-925
999 _c67416
_d67416